Statistics for 江西省下辖县级行政区地图 County-level administrative divisions of Jiangxi

Click here to take the quiz!

General Stats

  • This quiz has been taken 83 times
  • The average score is 69 of 100

Answers on the Map

Answers color-coded by a green-red scale on the quiz's map according to % correct below.
 

Answer Stats

县级类地名% Correct
南昌县
93%
婺源县
93%
市辖区赣县区
91%
鄱阳县
91%
县级市庐山市
89%
县级市瑞金市
89%
县级市井冈山市
89%
余干县
86%
县级市龙南市
84%
县级市樟树市
84%
浮梁县
84%
县级市共青城市
82%
市辖区章贡区
82%
修水县
80%
市辖区临川区
80%
县级市丰城市
80%
市辖区西湖区
80%
吉安县
80%
湖口县
80%
寻乌县
77%
市辖区东湖区
77%
市辖区新建区
77%
彭泽县
77%
于都县
77%
全南县
77%
铅山县
77%
兴国县
75%
吉水县
75%
县级市高安市
75%
南城县
75%
市辖区青云谱区
75%
新干县
75%
市辖区吉州区
75%
会昌县
73%
定南县
73%
峡江县
73%
市辖区青山湖区
73%
莲花县
73%
市辖区红谷滩区
73%
分宜县
73%
南丰县
73%
市辖区柴桑区
73%
永修县
73%
县级市贵溪市
70%
市辖区浔阳区
70%
武宁县
70%
铜鼓县
68%
市辖区袁州区
68%
市辖区广丰区
68%
市辖区湘东区
68%
玉山县
68%
市辖区安源区
68%
县级市瑞昌市
68%
市辖区东乡区
68%
县级市乐平市
68%
信丰县
68%
市辖区信州区
66%
弋阳县
66%
石城县
66%
万载县
66%
进贤县
66%
万年县
66%
市辖区南康区
66%
横峰县
64%
都昌县
64%
市辖区广信区
64%
市辖区渝水区
64%
宜黄县
64%
奉新县
64%
金溪县
64%
资溪县
64%
大余县
64%
永丰县
64%
遂川县
64%
市辖区月湖区
61%
崇仁县
61%
上高县
61%
宁都县
61%
县级市德兴市
61%
上栗县
61%
德安县
61%
芦溪县
61%
上犹县
61%
安义县
59%
崇义县
59%
泰和县
57%
市辖区余江区
57%
广昌县
57%
靖安县
57%
宜丰县
55%
安远县
55%
乐安县
55%
安福县
55%
市辖区濂溪区
55%
万安县
55%
市辖区青原区
55%
永新县
52%
市辖区昌江区
48%
市辖区珠山区
48%
黎川县
48%

Score Distribution

Percentile by Number Answered

Percent of People with Each Score

Your Score History

You have not taken this quiz